| Registos Bibliográficos associados ao registo de autoridade |
|
Etiqueta de registo: 00000nkm 2200025 450 001 2282215 003 http://id.bnportugal.gov.pt/bib/catbnp/2282215 100 ## $a20260320f19801990m y0pory01030103ba 101 0# $apor 102 ## $aPT 200 1# $aMar Com, Serviço Móvel Marítimo, Seguro no mar ligado à terra por VHF$bVisual gráfico]$fInspeção Geral das Pescas, CPRM Marconi 210 #9 $aLisboa$cInspeção Geral das Pescas,$d[entre 1980 e 1990] 215 ## $a1 cartaz$ccolor.$d64,4x44,5cm 306 ## $aDatação em conformidade com as características formais do documento 317 ## $aColeção Madeira Luís 710 02 $aInspeção Geral das Pescas$31992811 711 02 $aCompanhia Portuguesa Rádio Marconi$36009 801 #0 $aPT$bBN$gRPC 966 ## $lBN$mICONOG$sCT. 25715 A.$x3 971 ## $cCaticonografia2$d20260320 995 ## $aPRR2026
|
|
|